000 00369nam a2200145Ia 4500
008 210210b1988 xxu||||| |||| 00| 0 eng d
082 _a621.48 INDB
100 _aINDIA (Government of).
245 _aBARC annual report
260 _aBombay
_bBARC
_c1988
300 _a120
650 _aBhabha atomic research centre BARC
690 _aNuclear Energy
906 _a043184
999 _c92649
_d92649